00485 2200169 4500001002100000008004100021035002000062245011400082100001700196250000600213260003600219300001200255084001400267082000800281650001400289990001200303INLIS000000000001046 ind  a0010-0524000281 aThe Art Of Smart Communicating; Sukses Dalam Bisnis dan Pergaulan Dengan Komunikasi Yang MemikatcBert Decker aDecker, Bert a1 aYogyakarta :bImage Pressc2008 a167 hlm a300 BER t a300 aNon Fiksi a0744024